000 00802nam a2200241 a 4500
001 35438
003 BD-RjUL
005 20211209052324.0
008 140525r19651950enka 001 0 eng d
035 _a50-58283
_a(BD-RjUL)35532
040 _aWSU
_beng
_cBD-RjUL
_dBD-RjUL
041 _aeng
082 0 0 _a519.5
_bYUI 1965
100 1 _aYule, G. Udny
_q(George Udny),
_d1871-1951.
_9107010
245 1 3 _aAn introduction to the theory of statistics /
_cby G. Udny Yule and M.G. Kendall.
250 _a14th rev. & enl. ed.
260 _aLondon :
_bC. Griffin,
_c1950 [Impression 1965].
300 _axxiv, 701 p. :
_bill. ;
_c23 cm.
504 _aIncludes bibliography and index.
650 0 _aStatistics.
_9107011
700 1 _aKendall, Maurice G.
_q(Maurice George),
_d1907-1983.
_9168
942 _2ddc
_cBK
999 _c35438
_d35438